01020nam a22002657a 450000500170000001000130001702000230003003500130005303700160006604000120008208200130009410000310010724501370013826000610027527000470033630000320038350000510041565000300046665000270049670000320052370000220055594200220057799900190059995201360061820170124110024.0 aB-167659 c395.00a8120327276 aB-167659 bCen Lib/Ret aDPLbEN a621bPAU aPaul, Akshoy Ranjan920402 aMechanical science :cby Akshoy Ranjan Paul, Sanchayan Mukherjee [and] Pijush Roy bengineering thermodynamics and fluid mechanics / aNew DelhibPrentice Hall Of India Private Limited c2005 aM-97, Connought Circus bNew Delhie110001 axvi,587p. :c23cm(Hb)bill. aIncludes bibliographical references and index. aMechanical science920403 aFluid mechanics920404 aMukherjee, Sanchayan920405 aRoy Pijush920406 2ddccENh621mPAU c127406d127406 00104070aLbLd2015-06-29eCen Lib/Retg395.00l5o621 PAUpB-167659r2019-08-30 00:00:00s2019-08-14t1v395.00w2015-06-29yEN